000 00489nam a2200193Ia 4500
003 LK-CoDNM
005 20241129123214.0
008 010623t1973 xxu||||| |||| 00| 1 sin d
040 _aLK-CoDNM
_dLK-CoDNM
_eLK-CoDNM
041 _asin
080 _a294.32
_bWIK
100 _aWikramasingha,K.D.P.
245 _aසම්බුදු සිරිත
246 _aSambudu Siritha
260 _bAuthor
_aColombo
_c1973
300 _b368p. : 21 cm
650 _aBuddhism
942 _cBK
999 _c109209
_d109209